ՀՀ Գիտությունների ազգային ակադեմիայի հիմնարար գիտական գրադարան  =   Fundamental Scientific Library of NAS RA

Актуальные вопросы геологии, геофизики и биологии : (Record no. 145590)

MARC details
000 -LEADER
fixed length control field 01289nam a2200229 a 4500
001 - CONTROL NUMBER
control field 000381235
003 - CONTROL NUMBER IDENTIFIER
control field AM-YeHGA
005 - DATE AND TIME OF LATEST TRANSACTION
control field 20250617132125.0
008 - FIXED-LENGTH DATA ELEMENTS--GENERAL INFORMATION
fixed length control field 041112s1990 ||| r 000 0 rus d
040 ## - CATALOGING SOURCE
Original cataloging agency AM-YeHGA
041 0# - LANGUAGE CODE
Language code of text/sound track or separate title rus
090 ## - LOCALLY ASSIGNED LC-TYPE CALL NUMBER (OCLC); LOCAL CALL NUMBER (RLIN)
-- 146975
245 00 - TITLE STATEMENT
Title Актуальные вопросы геологии, геофизики и биологии :
Remainder of title (Материалы XVI конф. молодых ученых ИМГИГ) /
Statement of responsibility, etc. АН СССР. Дальневост. отд-ние. Ин-т мор. геологии и геофизики; Редкол.: В.В. Ерохов (отв. ред.) и др.
260 ## - PUBLICATION, DISTRIBUTION, ETC.
Place of publication, distribution, etc. Южно-Сахалинск :
Name of publisher, distributor, etc. ИМГИГ,
Date of publication, distribution, etc. 1990.
300 ## - PHYSICAL DESCRIPTION
Extent 171 с.
Other physical details ил.
Accompanying material Прил. ([2] отд. л. схем)
504 ## - BIBLIOGRAPHY, ETC. NOTE
Bibliography, etc. note Библиогр. в конце докл.
550 ## - ISSUING BODY NOTE
Issuing body note АН СССР. Дальневост. отд-ние. Ин-т мор. геологии и геофизики
650 14 - SUBJECT ADDED ENTRY--TOPICAL TERM
Topical term or geographic name entry element Геология
Form subdivision Сборники
650 14 - SUBJECT ADDED ENTRY--TOPICAL TERM
Topical term or geographic name entry element Геофизика
Form subdivision Сборники
650 14 - SUBJECT ADDED ENTRY--TOPICAL TERM
Topical term or geographic name entry element Биология
Form subdivision Сборники
710 2# - ADDED ENTRY--CORPORATE NAME
Corporate name or jurisdiction name as entry element Институт морской геологии и геофизики. Конф. молодых ученых
Number of part/section/meeting (16;
Date of meeting or treaty signing 1990;
Affiliation пос. Новоалександровск, Сахалин. обл.)
Holdings
Withdrawn status Lost status Damaged status Not for loan Collection Home library Current library Date acquired Total checkouts Full call number Barcode Date last seen Price effective from Koha item type Public note
        General Fundamental Scientific Library Fundamental Scientific Library 22/12/2016   550.3+57](043.2) 120624378 22/12/2016 22/12/2016 Գրքեր / Books Two weeks Loan
        General Fundamental Scientific Library Fundamental Scientific Library 22/12/2016   550.3+57](043.2) 120624379 22/12/2016 22/12/2016 Գրքեր / Books Two weeks Loan


ՀՀ ԳԱԱ հիմնարար գիտական գրադարան
ՀՀ,Երևան 0019
Մարշալ Բաղրամյան 24/6
հեռախոս:(374-10) 52-47-50
Հետադարձ կապ

All site content, except where otherwise noted, is licensed under a
Creative Commons License